[Event "AUTO-OPEN-2435"]
[Site "http://www.queenalice.com/game.php?id=969208"]
[Date "2011.8.5"]
[Round "1"]
[White "Edder"]
[Black "Magogue"]
[Result "1-0"]
[WhiteElo "1357"]
[BlackElo "1594"]

1. e4 e5 2. Nf3 d6 3. Bb5+ Bd7 4. Qe2 Nf6 5. Nc3 a6 6. Ba4 b5 7. Bb3 h6 8. d4
exd4 9. Nxd4 c5 10. Nf5 c4 11. Bxc4 bxc4 12. Qxc4 1-0

[Event "AUTO-OPEN-2435"]
[Site "http://www.queenalice.com/game.php?id=969209"]
[Date "2011.8.5"]
[Round "1"]
[White "Magogue"]
[Black "Edder"]
[Result "0-1"]
[WhiteElo "1594"]
[BlackElo "1415"]

1. e4 e5 2. f4 Nc6 3. Nf3 exf4 4. d4 Bb4+ 5. c3 Be7 6. Bxf4 Bh4+ 7. g3 Bf6 8. e5
Be7 9. d5 Na5 10. b4 Bxb4 11. cxb4 Nc4 12. Bxc4 d6 0-1

[Event "AUTO-OPEN-2435"]
[Site "http://www.queenalice.com/game.php?id=969210"]
[Date "2011.8.5"]
[Round "1"]
[White "Edder"]
[Black "Thomerson"]
[Result "0-1"]
[WhiteElo "1524"]
[BlackElo "1805"]

1. e4 e6 2. d4 d5 3. Nc3 Bb4 4. a3 Bxc3+ 5. bxc3 Ne7 6. Bg5 O-O 7. Qh5 Qd6 8. e5
Qc6 9. Bxe7 Qxc3+ 10. Ke2 Qxc2+ 11. Ke1 Qc3+ 12. Ke2 Qxa1 13. Kf3 Re8 14. Bg5
Qxd4 15. Be3 Qc3 16. Ne2 Qxa3 17. Nf4 Nc6 18. g4 g6 19. Qh6 Nxe5+ 20. Kg3 d4 21.
Kg2 dxe3 22. fxe3 Nxg4 23. Qg5 Nxe3+ 24. Kf2 b5 25. Bxb5 Qb2+ 26. Kxe3 Rd8 27.
Qxd8+ Kg7 28. Qxc7 Qxb5 0-1

[Event "AUTO-OPEN-2435"]
[Site "http://www.queenalice.com/game.php?id=969211"]
[Date "2011.8.5"]
[Round "1"]
[White "Thomerson"]
[Black "Edder"]
[Result "1-0"]
[WhiteElo "1800"]
[BlackElo "1532"]

1. e4 e5 2. d3 Nf6 3. Nf3 Nc6 4. Bg5 h6 5. Bxf6 gxf6 6. d4 exd4 7. Nxd4 Bb4+ 8.
c3 Bc5 9. Bc4 Ne5 10. Bxf7+ Nxf7 11. O-O Rg8 12. e5 fxe5 13. Nf5 d6 14. Ne3 Qg5
15. Qf3 a5 16. Nd2 Bxe3 17. Ne4 Qh4 18. Nf6+ Kf8 19. Nxg8 Kxg8 20. fxe3 Bg4 21.
Qxf7+ Kh8 22. Qxc7 Rg8 23. Qxd6 Kh7 24. Qxe5 Be2 25. Rf7+ Kg6 26. Qe6+ Kh5 27.
Rf5+ Rg5 28. Qf7+ Kg4 29. Rf4# 1-0

[Event "AUTO-BEG-500"]
[Site "http://www.queenalice.com/game.php?id=970333"]
[Date "2011.8.9"]
[Round "1"]
[White "Edder"]
[Black "ams07"]
[Result "0-1"]
[WhiteElo "1400"]
[BlackElo "1373"]

1. e4 e5 2. Nf3 Nc6 3. Bb5 Nf6 4. Bxc6 bxc6 5. Nxe5 Nxe4 6. Qe2 Nc5 7. Qh5 Qf6
8. Nxf7 Qe6+ 9. Qe2 Kxf7 10. O-O Qxe2 11. Nc3 Qe5 12. d3 d5 13. Bd2 Bd6 14. g3
Bh3 15. Rfe1 Qh5 16. Re3 Rhe8 17. Rae1 Rxe3 18. Bxe3 Re8 19. Bxc5 Rxe1# 0-1

[Event "AUTO-BEG-500"]
[Site "http://www.queenalice.com/game.php?id=970334"]
[Date "2011.8.9"]
[Round "1"]
[White "ams07"]
[Black "Edder"]
[Result "1-0"]
[WhiteElo "1513"]
[BlackElo "1490"]

1. e4 e5 2. Nf3 Nc6 3. Nc3 Bb4 4. Nd5 Bc5 5. d3 Bb4+ 6. Bd2 Nd4 7. Bxb4 c6 8.
Nxd4 cxd5 9. exd5 Qb6 10. Qg4 Qxb4+ 11. c3 Qxb2 12. Nb3 Qxc3+ 13. Kd1 d6 14.
Qxg7 Bg4+ 15. Qxg4 h5 16. Qg7 Rh6 17. Qxg8+ Ke7 18. Qxa8 f5 19. Qxb7+ Kf6 20.
Qxa7 e4 21. dxe4 fxe4 22. Qd4+ Qxd4+ 23. Nxd4 Ke5 24. Nc2 Kxd5 25. Nb4+ Kc5 26.
Na6+ Kb6 27. Be2 Rf6 28. f3 e3 29. h3 Rf4 30. Rb1+ Kc6 31. Rb4 Rxb4 32. Nxb4+
Kc5 33. Nc2 1-0

[Event "AUTO-OPEN-2438"]
[Site "http://www.queenalice.com/game.php?id=970501"]
[Date "2011.8.9"]
[Round "1"]
[White "Edder"]
[Black "DanPessegueiro"]
[Result "1-0"]
[WhiteElo "1374"]
[BlackElo "1212"]

1. e4 e5 2. Nf3 Nc6 3. Bb5 Nb4 4. Nxe5 Bc5 5. Ng4 c6 6. Bc4 Qh4 7. Qe2 Nxc2+ 8.
Kd1 Nxa1 9. Ne5 Qf4 10. Nxf7 b5 11. Bb3 Qg5 12. Nxg5 h6 13. Nf7 Rh7 14. Ng5 Rh8
15. Nf7 Rh7 16. Ne5 d6 17. Bxg8 Rh8 18. Bf7+ Kf8 19. Qf3 dxe5 20. Bg6+ Kg8 21.
Qf7# 1-0

[Event "AUTO-OPEN-2438"]
[Site "http://www.queenalice.com/game.php?id=970502"]
[Date "2011.8.9"]
[Round "1"]
[White "DanPessegueiro"]
[Black "Edder"]
[Result "0-1"]
[WhiteElo "1289"]
[BlackElo "1517"]

1. e4 e5 2. Bc4 Qe7 3. d4 Qb4+ 4. c3 Qxc4 5. b3 Qa6 6. f4 exd4 7. Qxd4 Nc6 8.
Qd1 Bc5 9. c4 Bb4+ 10. Bd2 Qa5 11. Ne2 d6 12. a3 Bxd2+ 13. Nxd2 Bg4 14. O-O h5
15. h3 Bxe2 16. Qxe2 O-O-O 17. b4 Qb6+ 18. c5 dxc5 19. Nc4 Qa6 20. g4 hxg4 21.
Qxg4+ Kb8 22. Rfc1 Nf6 23. Qxg7 Rxh3 24. Rab1 Rdh8 25. Qxf6 Rh1+ 26. Kg2 R1h2+
27. Kg3 Nd4 28. Qxf7 Ne2+ 29. Kg4 Nxc1 30. Rxc1 Qh6 31. Na5 Qh4+ 32. Kf3 Qf2+
33. Kg4 Qg2+ 34. Kf5 R2h5+ 35. Ke6 R5h7 36. Qf5 Qd2 37. Rxc5 Qa2+ 38. Kf6 Qf7+
39. Ke5 Qe7+ 40. Kd4 b6 41. Nc6+ Kb7 42. Rc4 Qg7+ 43. Ne5 Rd8+ 44. Ke3 Rh2 45.
Qe6 Qg3+ 46. Nf3 Qf2# 0-1

[Event "AUTO-OPEN-2438"]
[Site "http://www.queenalice.com/game.php?id=970503"]
[Date "2011.8.9"]
[Round "1"]
[White "Edder"]
[Black "cunha"]
[Result "0-1"]
[WhiteElo "1489"]
[BlackElo "2830"]

1. e4 c5 2. b3 Nc6 3. Bb5 Nf6 4. Bxc6 bxc6 5. a4 Nxe4 6. Qe2 Nf6 7. Nf3 d6 8. d4
cxd4 9. Nxd4 Qa5+ 10. Bd2 Qb6 11. Qe3 e5 12. Nf3 Be7 13. a5 Qc7 14. a6 O-O 15.
Ba5 Qd7 16. O-O e4 17. Nd4 Bxa6 18. c4 c5 19. Ne2 d5 20. cxd5 Ng4 21. Qxe4 Bd6
22. h3 Nh2 23. Rd1 Rfe8 24. Qh4 Rxe2 25. f4 Nf3+ 26. gxf3 Bxf4 27. Qxf4 Qxh3 28.
Qg4 Qh2+ 29. Kf1 Qf2# 0-1

[Event "AUTO-OPEN-2438"]
[Site "http://www.queenalice.com/game.php?id=970504"]
[Date "2011.8.9"]
[Round "1"]
[White "cunha"]
[Black "Edder"]
[Result "1-0"]
[WhiteElo "2847"]
[BlackElo "1374"]

1. e4 e5 2. Nf3 Nc6 3. Bb5 a6 4. Ba4 b5 5. Bb3 Na5 6. O-O Nxb3 7. axb3 Bd6 8. d4
exd4 9. Qxd4 Qf6 10. e5 Qf5 11. exd6 cxd6 12. Re1+ Ne7 13. Qxd6 Qf6 14. Bf4 Qxd6
15. Bxd6 Kd8 16. Rxe7 h5 17. Nc3 Rh6 18. Ba3 Re6 19. Rxf7 g6 20. Rd1 Ke8 21.
Rf8# 1-0

[Event "AUTO-OPEN-2438"]
[Site "http://www.queenalice.com/game.php?id=970505"]
[Date "2011.8.9"]
[Round "1"]
[White "Edder"]
[Black "estella"]
[Result "1-0"]
[WhiteElo "1515"]
[BlackElo "1484"]

1. e4 e5 2. Nf3 Nc6 3. Bb5 a6 4. Bxc6 bxc6 5. Nxe5 Nf6 6. Nc3 Bd6 7. Nc4 Bb7 8.
e5 Bxe5 9. d4 Bd6 10. Nxd6+ cxd6 11. Bg5 h6 12. Bxf6 Qxf6 13. Qe2+ Kd8 14. O-O-O
Qe6 15. Rhe1 Re8 16. a4 a5 17. Ne4 d5 18. Nc5 Qg6 19. Qxe8+ Kc7 20. Qxd7+ Kb6
21. Qxb7# 1-0

[Event "AUTO-OPEN-2438"]
[Site "http://www.queenalice.com/game.php?id=970506"]
[Date "2011.8.9"]
[Round "1"]
[White "estella"]
[Black "Edder"]
[Result "1-0"]
[WhiteElo "1419"]
[BlackElo "1475"]

1. e4 e5 2. Nf3 Nc6 3. Nc3 Bb4 4. a3 Bxc3 5. bxc3 Nge7 6. d4 O-O 7. d5 Na5 8.
Nxe5 d6 9. Ng4 Ng6 10. Bb2 Ne5 11. h3 Nxg4 12. hxg4 h6 13. Qd4 Qg5 14. Bc1 Qxg4
15. Be2 Qxg2 16. f4 Qxh1+ 17. Bf1 Qh4+ 18. Qf2 Qg4 19. Rb1 Bd7 20. Be2 Qh3 21.
Be3 Qh1+ 22. Qf1 Qxe4 23. c4 1-0

[Event "AUTO-INT-2127"]
[Site "http://www.queenalice.com/game.php?id=978159"]
[Date "2011.8.28"]
[Round "1"]
[White "yugioh1"]
[Black "Edder"]
[Result "1-0"]
[WhiteElo "1536"]
[BlackElo "1519"]

1. d4 e6 2. c4 d6 3. Nc3 Bd7 4. e4 Be7 5. Nf3 Nf6 6. Bg5 h6 7. Bh4 g5 8. Bg3 Nh5
9. Be2 e5 10. d5 Nxg3 11. hxg3 Bg4 12. Nh2 Bxe2 13. Qxe2 Na6 14. Ng4 1-0

[Event "AUTO-INT-2127"]
[Site "http://www.queenalice.com/game.php?id=978160"]
[Date "2011.8.28"]
[Round "1"]
[White "Edder"]
[Black "yugioh1"]
[Result "0-1"]
[WhiteElo "1504"]
[BlackElo "1551"]

1. e4 e5 2. Nf3 d6 3. Bb5+ Bd7 4. Bc4 Nf6 5. Nc3 Nc6 6. O-O Bg4 7. h3 Bh5 8. g4
Bg6 9. Nh4 Be7 10. Nb5 Bxe4 11. Nf5 Bxf5 12. gxf5 O-O 13. d3 a6 14. Nc3 Qd7 0-1

[Event "Let's Play Chess!"]
[Site "http://www.queenalice.com/game.php?id=985548"]
[Date "2011.9.16"]
[Round "-"]
[White "Edder"]
[Black "teodoricojose"]
[Result "0-1"]
[WhiteElo "1452"]
[BlackElo "1448"]

1. e4 d6 2. Bb5+ Bd7 3. Bxd7+ Nxd7 4. d3 Ngf6 5. Nf3 c5 6. Bg5 g6 7. O-O Bg7 8.
a3 O-O 9. Bxf6 Bxf6 10. Ra2 Qb6 11. Nc3 Ne5 12. a4 Nxf3+ 0-1

[Event "Let's Play Chess!"]
[Site "http://www.queenalice.com/game.php?id=985549"]
[Date "2011.9.15"]
[Round "-"]
[White "plot24"]
[Black "Edder"]
[Result "1-0"]
[WhiteElo "1735"]
[BlackElo "1457"]

1. e4 Nf6 2. Nc3 d6 3. Bc4 e6 4. Nf3 a6 5. a4 Bd7 6. d4 c5 7. dxc5 dxc5 8. Bg5
h6 9. Bh4 Nc6 10. e5 Na5 11. exf6 gxf6 12. O-O Nxc4 13. b3 Nb2 14. Qc1 Nxa4 15.
bxa4 b5 16. Ne5 fxe5 17. Bxd8 1-0